[Event "Championnat de France Minime"]
[Site "CALVI"]
[Date "2005.04.23"]
[Round "8.7"]
[White "Rigolot, Matthieu"]
[Black "Gamet, Arnaud"]
[Result "0-1"]
[WhiteElo "2135"]
[BlackElo "2028"]
[PlyCount "88"]
[EventDate "2005.??.??"]
[SourceDate "2005.04.17"]

1. d4 Nf6 2. c4 c5 3. d5 b5 4. cxb5 a6 5. bxa6 g6 6. Nc3 Bxa6 7. f4 d6 8. Nf3
Bg7 9. e4 Bxf1 10. Rxf1 Nfd7 11. Qe2 O-O 12. e5 Nb6 13. e6 f5 14. Ng5 Na6 15.
h4 h5 16. Nf7 Qc8 17. g4 hxg4 18. h5 gxh5 19. Rh1 Nb4 20. Rxh5 Rxf7 21. exf7+
Kxf7 22. a3 N4xd5 23. Nxd5 Nxd5 24. Qc2 e6 25. Bd2 Qb7 26. Rb1 Qb5 27. Bc3 Qc4
28. Rxf5+ exf5 29. Qxf5+ Nf6 30. Bxf6 Bxf6 31. Qd7+ Be7 32. Qf5+ Ke8 33. Qh5+
Kd7 34. Rd1 Re8 35. Qxg4+ Qe6+ 36. Qxe6+ Kxe6 37. b4 Rf8 38. bxc5 dxc5 39. a4
Rxf4 40. Ra1 Kd5 41. a5 Rf8 42. a6 Ra8 43. Kd2 Bf6 44. Ra3 Bd4 0-1

[Event "Championnat de France Minime"]
[Site "CALVI"]
[Date "2005.04.23"]
[Round "8.9"]
[White "Guerpillon, Louis"]
[Black "Curto, Nicolas"]
[Result "1-0"]
[WhiteElo "2063"]
[BlackElo "1994"]
[PlyCount "87"]
[EventDate "2005.??.??"]
[SourceDate "2005.04.17"]

1. e4 c5 2. Nf3 d6 3. d4 cxd4 4. Nxd4 Nf6 5. Nc3 a6 6. Bg5 e6 7. f4 Qc7 8. Qf3
b5 9. O-O-O b4 10. Nd5 exd5 11. Bxf6 gxf6 12. exd5 Qc5 13. Bd3 Kd8 14. Nb3 Qb6
15. Rhe1 Ra7 16. Re2 a5 17. Rde1 Re7 18. Rxe7 Bxe7 19. Qe4 Re8 20. Qxh7 Ba6 21.
g3 a4 22. Nd2 a3 23. Qe4 axb2+ 24. Kxb2 f5 25. Qxf5 Qd4+ 26. Kc1 Bxd3 27. Qxd3
Qxd3 28. cxd3 Nd7 29. Kc2 Rh8 30. Nf3 Rh5 31. Re4 Rxd5 32. Rxb4 Bf6 33. d4 Ra5
34. a4 Ke7 35. Kd3 Ra6 36. g4 Nb6 37. a5 Nd5 38. Rb7+ Kf8 39. Ke4 Rxa5 40. g5
Be7 41. Rb3 Nc7 42. Nh4 Ke8 43. Nf5 Bf8 44. Rb8+ 1-0

[Event "Championnat de France Minime"]
[Site "CALVI"]
[Date "2005.04.23"]
[Round "8.10"]
[White "Blake, Cyprien"]
[Black "Vuillermoz, Robert"]
[Result "0-1"]
[WhiteElo "2060"]
[BlackElo "2046"]
[PlyCount "54"]
[EventDate "2005.??.??"]
[SourceDate "2005.04.17"]

1. e4 c5 2. Nf3 Nf6 3. e5 Nd5 4. d4 cxd4 5. Nxd4 Nb6 6. Bf4 Nc6 7. c4 g6 8. Nc3
d6 9. exd6 Bg7 10. Ndb5 O-O 11. dxe7 Qxe7+ 12. Qe2 Qf6 13. Bd6 Rd8 14. c5 a6
15. Nc7 Bf5 16. O-O-O Nd4 17. Qd2 Rac8 18. Qe3 Rxd6 19. cxd6 Qxd6 20. Ne8 Rxc3+
21. Qxc3 Bh6+ 22. Rd2 Qe6 23. Bd3 Qe5 24. Rhd1 Nd5 25. Qc5 Bxd3 26. Nf6+ Qxf6
27. Qxd5 {Diagramme #} 27... Ne2# 0-1

[Event "Championnat de France Minime Fille"]
[Site "CALVI"]
[Date "2005.04.23"]
[Round "8.1"]
[White "Benmesbah, Natacha"]
[Black "Gras, Delphine"]
[Result "0-1"]
[WhiteElo "2113"]
[BlackElo "1952"]
[PlyCount "136"]
[EventDate "2005.??.??"]
[SourceDate "2005.04.17"]

1. e4 c6 2. c4 d5 3. exd5 cxd5 4. cxd5 Nf6 5. Qa4+ Bd7 6. Qb3 Qc7 7. Bc4 b5 8.
d6 Qxc4 9. Qxc4 bxc4 10. dxe7 Bxe7 11. Nf3 Nc6 12. O-O O-O 13. Nc3 Bg4 14. Ne1
Nd4 15. f3 Bf5 16. g4 Bd7 17. h3 Bc5 18. Kg2 Bc6 19. d3 cxd3 20. Nxd3 Bb6 21.
Ne5 Rfe8 22. Nxc6 Nxc6 23. Bf4 Rad8 24. Bg5 Bd4 25. Rac1 h6 26. Bh4 g5 27. Bg3
Be3 28. Rcd1 Rd2+ 29. Rxd2 Bxd2 30. Rd1 Be3 31. Rd6 Re6 32. Rd3 Bd4 33. Rd2 Be5
34. Bf2 Bf4 35. Rd3 Rd6 36. Rxd6 Bxd6 37. Nb5 Be5 38. b3 a6 39. Na3 Nd5 40. Nc4
Nf4+ 41. Kg3 Bb8 42. a3 Nd3+ 43. Kg2 Nxf2 44. Kxf2 Ba7+ 45. Kg2 Kg7 46. b4 Nd4
47. a4 Nc2 48. b5 axb5 49. axb5 Ne3+ 50. Nxe3 Bxe3 51. Kf1 Kf6 52. Ke2 Bb6 53.
f4 gxf4 54. Kf3 Bc7 55. h4 Kg6 56. Ke4 h5 57. g5 f6 58. gxf6 Kxf6 59. b6 Bb8
60. b7 Bc7 61. Kf3 Kf5 62. Kf2 Kg4 63. Kg2 Kxh4 64. Kf3 Kh3 65. Kf2 Kh2 66. Kf1
Kg3 67. Kg1 f3 68. Kh1 h4 0-1

[Event "Championnat de France Minime Fille"]
[Site "CALVI"]
[Date "2005.04.23"]
[Round "8.2"]
[White "Ferry, Justine"]
[Black "Congiu, Mathilde"]
[Result "0-1"]
[WhiteElo "1882"]
[BlackElo "2072"]
[PlyCount "124"]
[EventDate "2005.??.??"]
[SourceDate "2005.04.17"]

1. c4 Nf6 2. g3 g6 3. Bg2 Bg7 4. Nc3 c5 5. Nf3 Nc6 6. O-O O-O 7. d4 cxd4 8.
Nxd4 d6 9. Nxc6 bxc6 10. Bxc6 Rb8 11. Qa4 a6 12. b4 Bh3 13. Rd1 Ng4 14. Bd2 Qb6
15. e3 e6 16. Rab1 Ne5 17. b5 axb5 18. cxb5 Rbc8 19. Bh1 Nc4 20. Ne2 Bg4 21.
Kf1 Qc5 22. Bb4 Qf5 23. Qb3 Qh5 24. Nf4 Qxh2 25. Bg2 Bxd1 26. Rxd1 g5 27. Ne2
Qh5 28. a4 g4 29. Bxd6 Rfd8 30. Bb4 Rxd1+ 31. Qxd1 Qf5 32. Kg1 Ne5 33. b6 Nd3
34. Be1 Rb8 35. a5 Qb5 36. Nf4 Nxe1 37. Qxe1 Qb3 38. Qe2 Qb4 39. Qxg4 Qxa5 40.
b7 Qe1+ 41. Kh2 Qxf2 42. Nh5 Qb2 43. Kh3 Qe5 44. Nxg7 Qxg7 45. Qxg7+ Kxg7 46.
Kg4 Kg6 47. Bc6 f5+ 48. Kh4 Kf6 49. g4 fxg4 50. Kxg4 Ke5 51. Kg5 Kd6 52. Be4
Kc7 53. Kh6 Rg8 54. Kxh7 Rg3 55. Bc6 Rxe3 56. Kg6 Rb3 57. Bh1 Rb1 58. Be4 Rf1
59. Kg5 e5 60. Bd5 Rf8 61. Bh1 Kd6 62. Be4 Kc5 0-1

[Event "Championnat de France Minime Fille"]
[Site "CALVI"]
[Date "2005.04.23"]
[Round "8.4"]
[White "Koroid, Janna"]
[Black "Esposito, Julie"]
[Result "1-0"]
[WhiteElo "1830"]
[BlackElo "1810"]
[PlyCount "79"]
[EventDate "2005.??.??"]
[SourceDate "2005.04.17"]

1. d4 Nf6 2. Bg5 Ne4 3. Bf4 d5 4. e3 Bf5 5. f3 Nf6 6. g4 Bg6 7. h4 h5 8. g5
Nfd7 9. Bd3 Bxd3 10. Qxd3 g6 11. Nc3 c6 12. Nge2 Bg7 13. Bg3 e5 14. O-O-O Na6
15. a3 Qe7 16. e4 dxe4 17. Nxe4 O-O-O 18. Qe3 Kb8 19. N2c3 Nc7 20. d5 cxd5 21.
Nxd5 Nxd5 22. Rxd5 Nb6 23. Rxd8+ Rxd8 24. Nf6 Nd7 25. Rd1 Bxf6 26. gxf6 Qe8 27.
Rd5 Ka8 28. Qd3 b6 29. Bxe5 Kb7 30. Qe4 Kc8 31. Qc4+ Kb7 32. Qc7+ Ka6 33. b4 b5
34. Qa5+ Kb7 35. Qc7+ Ka6 36. Rd6+ Nb6 37. Rxd8 Qe6 38. Rd6 Qe8 39. Bd4 Qe1+
40. Kb2 1-0

[Event "Championnat de France Minime Fille"]
[Site "CALVI"]
[Date "2005.04.23"]
[Round "8.5"]
[White "Revidon, Laetitia"]
[Black "Bismuth, Lea"]
[Result "0-1"]
[WhiteElo "1700"]
[BlackElo "1860"]
[PlyCount "50"]
[EventDate "2005.??.??"]
[SourceDate "2005.04.17"]

1. e4 d5 2. exd5 Qxd5 3. Nc3 Qd6 4. Nf3 Nf6 5. Bc4 a6 6. d3 Bg4 7. Be3 Nc6 8.
Qe2 O-O-O 9. O-O-O Ne5 10. Kb1 Bxf3 11. gxf3 Qc6 12. f4 Nxc4 13. dxc4 Rxd1+ 14.
Rxd1 e6 15. Bd4 Bd6 16. Be5 Be7 17. f3 Rd8 18. Rg1 g6 19. Ne4 Nh5 20. Bc3 Nxf4
21. Qe3 Nh5 22. Qh6 Qxc4 23. Qxh7 Qe2 24. Rc1 Qxf3 25. Ng3 Bg5 0-1

[Event "Championnat de France Minime Fille"]
[Site "CALVI"]
[Date "2005.04.23"]
[Round "8.6"]
[White "Bodlenner, Camille"]
[Black "Draillard, Margot"]
[Result "1-0"]
[WhiteElo "1985"]
[BlackElo "1760"]
[PlyCount "161"]
[EventDate "2005.??.??"]
[SourceDate "2005.04.17"]

1. e4 e6 2. d4 d5 3. Nc3 Nf6 4. Bg5 dxe4 5. Nxe4 Be7 6. Bxf6 Bxf6 7. c3 Nd7 8.
Nf3 Be7 9. Bd3 Nf6 10. O-O b6 11. Nxf6+ Bxf6 12. Be4 Rb8 13. Qa4+ Bd7 14. Qc2
g6 15. Rad1 O-O 16. Ne5 Bxe5 17. dxe5 Qe7 18. Rfe1 Rbd8 19. Rd3 Bb5 20. Rh3 Qc5
21. Qc1 f5 22. exf6 Rxf6 23. Rhe3 Rdf8 24. f3 Bc4 25. b3 Bd5 26. Kh1 Rf4 27.
Qc2 R8f6 28. c4 Bxe4 29. Rxe4 Rxe4 30. Qxe4 Qf2 31. Qe5 c5 32. Rd1 Qc2 33. Rd8+
Kg7 34. Rd7+ Kh6 35. Qe1 g5 36. Rd2 Qg6 37. Re2 Kg7 $11 38. Re4 h6 39. Qd1 h5
40. h3 Qf7 41. Qe1 Kh6 42. Qe3 Kg6 43. Re5 Rf5 44. Rxe6+ Rf6 45. Qe4+ Kh6 46.
Re7 Qg8 47. Re8 Qg7 48. Qd5 Rf7 49. Qe6+ Kh7 50. Qe5 Qxe5 51. Rxe5 Kg6 52. Kg1
Rd7 53. Re2 Kf5 54. Kf2 Kf4 55. Re4+ Kf5 56. Ke2 Rc7 57. g4+ hxg4 58. hxg4+ Kf6
59. Kd3 Rd7+ 60. Kc3 Rd1 61. f4 gxf4 62. Rxf4+ Kg6 63. Re4 Rd7 64. a4 Kg5 65.
a5 Kf6 66. axb6 axb6 67. b4 Rd8 68. bxc5 bxc5 69. Rf4+ Kg5 70. Rf5+ Kxg4 71.
Rxc5 Kf4 72. Kb4 Rb8+ 73. Rb5 Rc8 74. Rd5 Ke4 75. Rd6 Ke5 76. c5 Rb8+ 77. Ka5
Rb7 78. Rd8 Ke6 79. Ka6 Rh7 80. c6 Ke7 81. Rd7+ 1-0

[Event "Championnat de France Minime Fille"]
[Site "CALVI"]
[Date "2005.04.23"]
[Round "8.7"]
[White "Le Bail, Clara"]
[Black "Koenig, Marina"]
[Result "1-0"]
[WhiteElo "1938"]
[BlackElo "1660"]
[PlyCount "63"]
[EventDate "2005.??.??"]
[SourceDate "2005.04.17"]

1. e4 c5 2. Nf3 e6 3. d4 cxd4 4. Nxd4 Nc6 5. Nc3 a6 6. g3 Nf6 7. Bg2 Be7 8. O-O
O-O 9. Be3 Rb8 10. f4 h6 11. Kh1 Re8 12. h3 Nh7 13. Qf3 d6 14. Rad1 Bd7 15. Qf2
Qc7 16. g4 Rf8 17. a3 e5 18. Nd5 Qd8 19. Nf5 Bxf5 20. exf5 Qc8 21. Nxe7+ Nxe7
22. Rxd6 exf4 23. Bxf4 Ra8 24. Rfd1 Nf6 25. Qh4 Qxc2 26. R6d2 Qb3 27. Bxh6 gxh6
28. Qxf6 Rae8 29. Qxh6 f6 30. Re1 Qa4 31. Rxe7 Rxe7 32. Bd5+ {Diagramme #} 1-0

[Event "Championnat de France Minime Fille"]
[Site "CALVI"]
[Date "2005.04.23"]
[Round "8.8"]
[White "Llorens, Jenna"]
[Black "Le Moal, Marie"]
[Result "1-0"]
[WhiteElo "1810"]
[BlackElo "1590"]
[PlyCount "75"]
[EventDate "2005.??.??"]
[SourceDate "2005.04.17"]

1. d4 d5 2. Nf3 Nf6 3. c4 e6 4. Nc3 c6 5. cxd5 cxd5 6. Bg5 Be7 7. e3 Nc6 8. a3
a6 9. Bd3 O-O 10. O-O Bd7 11. Rc1 Ne8 12. Bxe7 Nxe7 13. b4 Rc8 14. Qb3 b5 15.
a4 Nd6 16. axb5 axb5 17. Ra1 Ra8 18. Qc2 Ng6 19. Nd2 Qb6 20. Nb3 Nc4 21. Nc5
Bc6 22. g3 Rfe8 23. h4 Nf8 24. Qe2 Nd7 25. g4 Qc7 26. f4 Nxc5 27. dxc5 e5 28.
Bxc4 dxc4 29. f5 e4 30. Kg2 Qe5 31. Qb2 Rad8 32. Ra6 Rd3 33. Rxc6 Rxc3 34. Rc1
Qd5 35. Rd6 Rb3 36. Qxb3 Qxd6 37. cxd6 cxb3 38. d7 1-0

[Event "Championnat de France Minime Fille"]
[Site "CALVI"]
[Date "2005.04.23"]
[Round "8.9"]
[White "Cheype, Marie"]
[Black "Ezanno, Morgane"]
[Result "0-1"]
[WhiteElo "1720"]
[BlackElo "1800"]
[PlyCount "70"]
[EventDate "2005.??.??"]
[SourceDate "2005.04.17"]

1. e4 c5 2. Nf3 e6 3. d4 cxd4 4. Nxd4 Nc6 5. Nc3 a6 6. Be2 Nge7 7. Be3 b5 8.
O-O Nxd4 9. Qxd4 Nc6 10. Qd2 Be7 11. f4 Qc7 12. Rad1 Bb7 13. Kh1 Rc8 14. e5 Na5
15. Bd3 O-O 16. Qe1 Nc4 17. Bc1 Bb4 18. Qh4 h6 19. Ne4 Bxe4 20. Bxe4 Bc5 21.
Rf3 Qd8 22. Qh5 f5 23. exf6 Rxf6 24. Rg3 Nd6 25. Bd3 Qe8 26. Bg6 Qe7 27. f5
Nxf5 28. Bxf5 Rxf5 29. Qxh6 Rcf8 30. h4 Rf1+ 31. Rxf1 Rxf1+ 32. Kh2 Bd6 33. Qg5
Qxg5 34. Bxg5 Bxg3+ 35. Kxg3 Rb1 0-1

[Event "Championnat de France Minime Fille"]
[Site "CALVI"]
[Date "2005.04.23"]
[Round "8.10"]
[White "Cwiek, Perrine"]
[Black "Hamman, Sophie"]
[Result "0-1"]
[WhiteElo "1690"]
[BlackElo "1750"]
[PlyCount "104"]
[EventDate "2005.??.??"]
[SourceDate "2005.04.17"]

1. e4 e5 2. Nf3 Nc6 3. Bb5 a6 4. Ba4 Nf6 5. O-O Be7 6. Re1 b5 7. Bb3 O-O 8. c3
d6 9. h3 Na5 10. Bc2 c5 11. d4 Qc7 12. Nbd2 Bd7 13. a4 Rfc8 14. d5 Nb7 15. Nf1
c4 16. Be3 Nc5 17. axb5 axb5 18. Ng3 g6 19. Qd2 Rcb8 20. Bh6 Na4 21. Ra2 Rb7
22. Qg5 Be8 23. Nf5 Nh5 24. Qg4 Nf6 25. Qh4 Nh5 26. Ng5 gxf5 27. Qxh5 f6 28.
Qh4 fxg5 29. Bxg5 f4 30. Bd1 Bxg5 31. Qxg5+ Qg7 32. Qh4 Rf7 33. Bh5 Rf6 34. Bg4
Rh6 35. Be6+ Kf8 36. Qg4 Qxg4 37. Bxg4 Rg6 38. Rb1 Rg7 39. b3 cxb3 40. Rxb3 Rc7
41. Be2 Rc5 42. Rb4 Rac8 43. c4 Nc3 44. Rc2 Nxe2+ 45. Rxe2 Rxc4 46. Rxc4 Rxc4
47. f3 b4 48. Rb2 Ba4 49. Kf1 b3 50. Ke1 Rc2 51. Rxc2 bxc2 52. Kd2 Kg7 0-1

[Event "Championnat de France Benjamin"]
[Site "CALVI"]
[Date "2005.04.17"]
[Round "1.1"]
[White "Paci, Romain"]
[Black "Feller, Sebastien"]
[Result "0-1"]
[WhiteElo "1820"]
[BlackElo "2228"]
[PlyCount "62"]
[EventDate "2005.??.??"]
[SourceDate "2005.04.17"]

1. e4 c5 2. Nc3 e6 3. d3 Nc6 4. g3 d6 5. Bg2 g6 6. f4 Bg7 7. Nge2 Nge7 8. O-O
O-O 9. Be3 Nd4 10. Qd2 Rb8 11. a4 a6 12. g4 f5 13. h3 Bd7 14. Ng3 Bc6 15. exf5
exf5 16. g5 Qb6 17. Rab1 Qb4 18. Bxc6 Nexc6 19. h4 Rbe8 20. Kg2 Qa5 21. Rbc1
Nb4 22. Na2 Rxe3 23. Qxe3 Nxa2 24. Rcd1 Nxc2 25. Qe6+ Kh8 26. Qxa2 Ne3+ 27. Kg1
Qb4 28. b3 Nxd1 29. Rxd1 Qxf4 30. Qh2 Bd4+ 31. Kh1 Qf3+ 0-1

[Event "Championnat de France Benjamin"]
[Site "CALVI"]
[Date "2005.04.17"]
[Round "1.2"]
[White "Sochacki, Wojtek"]
[Black "Allorant, Adrien"]
[Result "1/2-1/2"]
[WhiteElo "2110"]
[BlackElo "1810"]
[PlyCount "38"]
[EventDate "2005.??.??"]
[SourceDate "2005.04.17"]

1. f4 Nf6 2. b3 c5 3. Bb2 Nc6 4. Nf3 b6 5. e3 g6 6. Be2 Bg7 7. O-O O-O 8. Qe1
d6 9. d3 Ng4 10. Bxg7 Kxg7 11. Bd1 e5 12. h3 Nf6 13. fxe5 dxe5 14. e4 Nd4 15.
Nbd2 Be6 16. Qg3 Nxf3+ 17. Nxf3 Nd7 18. Ng5 Re8 19. h4 h6 1/2-1/2

[Event "Championnat de France Benjamin"]
[Site "CALVI"]
[Date "2005.04.17"]
[Round "1.3"]
[White "Lograda, Alexis"]
[Black "Saatdjian, Thomas"]
[Result "0-1"]
[WhiteElo "1800"]
[BlackElo "2069"]
[PlyCount "90"]
[EventDate "2005.??.??"]
[SourceDate "2005.04.17"]

1. c4 e5 2. Nc3 Nf6 3. Nf3 Nc6 4. g3 Bb4 5. Bg2 O-O 6. O-O e4 7. Ng5 Bxc3 8.
bxc3 Re8 9. f3 e3 10. d3 d5 11. cxd5 Nxd5 12. f4 Nxc3 13. Qb3 Nxe2+ 14. Kh1 Be6
15. Nxe6 Rxe6 16. Bb2 Rh6 17. Rf3 Ncd4 18. Bxd4 Nxd4 19. Qc4 Nxf3 20. Bxf3 c6
21. Re1 Re6 22. f5 Re8 23. Be4 Qa5 24. Rxe3 Qd2 25. Rf3 b5 26. Qc5 Rad8 27. Rf2
Qe1+ 28. Kg2 Rxe4 29. dxe4 Qxe4+ 30. Kh3 Qd4 31. Qc2 c5 32. Rf4 Qd5 33. Rh4 g6
34. Rg4 c4 35. fxg6 fxg6 36. Qf2 Qh5+ 37. Rh4 Qf5+ 38. Qxf5 gxf5 39. Rf4 Rd5
40. a4 a6 41. g4 c3 42. axb5 axb5 43. Rf1 b4 44. gxf5 b3 45. f6 Kf7 0-1

[Event "Championnat de France Benjamin"]
[Site "CALVI"]
[Date "2005.04.17"]
[Round "1.4"]
[White "Castro, John"]
[Black "Roncin, Cesar"]
[Result "1-0"]
[WhiteElo "2060"]
[BlackElo "1800"]
[PlyCount "89"]
[EventDate "2005.??.??"]
[SourceDate "2005.04.17"]

1. e3 e6 2. c4 Nf6 3. Nc3 g6 4. Nf3 Bg7 5. d4 O-O 6. Bd3 d5 7. O-O dxc4 8. Bxc4
Nc6 9. Re1 a6 10. e4 b5 11. Bb3 Na5 12. Bc2 Nc4 13. b3 Nb6 14. Bg5 Qd7 15. Ne5
Qd6 16. Nxg6 fxg6 17. e5 Qd7 18. exf6 Bxf6 19. Bxf6 Rxf6 20. Ne4 Rf8 21. Nc5
Qf7 22. Re2 Nd5 23. Qe1 Nf4 24. Re3 Qf6 25. Rd1 c6 26. Re5 Nxg2 27. Kxg2 Qf3+
28. Kg1 Qg4+ 29. Kf1 Qh3+ 30. Ke2 Qf3+ 31. Kd2 Qxf2+ 32. Qxf2 Rxf2+ 33. Re2
Rxe2+ 34. Kxe2 e5 35. Ke3 Bg4 36. Rg1 exd4+ 37. Kxd4 Rd8+ 38. Kc3 Bc8 39. Bxg6
hxg6 40. Rxg6+ Kf7 41. Rxc6 Rh8 42. Nxa6 Bxa6 43. Rxa6 Rxh2 44. Kb4 Rh5 45. Ra5
1-0

[Event "Championnat de France Benjamin"]
[Site "CALVI"]
[Date "2005.04.17"]
[Round "1.5"]
[White "Genin, Maxime"]
[Black "Ludwig, Remi"]
[Result "0-1"]
[WhiteElo "1790"]
[BlackElo "2046"]
[PlyCount "94"]
[EventDate "2005.??.??"]
[SourceDate "2005.04.17"]

1. e4 e6 2. d4 d5 3. exd5 exd5 4. c4 Nf6 5. Nc3 c6 6. Bg5 Be7 7. Nf3 Be6 8. Qb3
Qc7 9. Be2 Nbd7 10. cxd5 Nxd5 11. Bxe7 Nxe7 12. Bc4 Bxc4 13. Qxc4 Nb6 14. Qb3
O-O 15. O-O Ned5 16. Rad1 Rfe8 17. Rfe1 Rad8 18. h3 Qd6 19. Ne4 Qc7 20. Nc5 Nf6
21. Ne5 Rd5 22. Qb4 Red8 23. a4 a5 24. Qxa5 Rxd4 25. Rxd4 Rxd4 26. Ned7 Nfxd7
27. Nxd7 Qxd7 28. Qxb6 h6 29. a5 Rd5 30. a6 Rb5 31. Qa7 Kh7 32. axb7 Rxb7 33.
Qa3 Qd2 34. Re7 Rxe7 35. Qxe7 Qc1+ 36. Kh2 Qxb2 37. Qxf7 Qf6 38. Qc7 Qc3 39. f3
c5 40. Qc8 Qc2 41. f4 c4 42. f5 Qe4 43. Qe6 Qxe6 44. fxe6 Kg6 45. Kg3 c3 46. h4
c2 47. h5+ Kf6 0-1

[Event "Championnat de France Benjamin"]
[Site "CALVI"]
[Date "2005.04.17"]
[Round "1.6"]
[White "Massoni, Michael"]
[Black "Cohen-Solal, Lennie"]
[Result "1-0"]
[WhiteElo "2045"]
[BlackElo "1780"]
[PlyCount "69"]
[EventDate "2005.??.??"]
[SourceDate "2005.04.17"]

1. e4 a6 2. d4 b5 3. Bf4 Bb7 4. Nd2 Nf6 5. Bd3 g6 6. Ngf3 Bg7 7. O-O O-O 8. c3
d6 9. Qe2 c5 10. a4 c4 11. Bc2 d5 12. e5 Nfd7 13. Rfe1 Nc6 14. b3 Nb6 15. bxc4
Nxc4 16. Nxc4 bxc4 17. Rab1 Ra7 18. e6 Kh8 19. Ng5 Bh6 20. Nxf7+ Rxf7 21. Bxh6
Rf6 22. Bg5 Rf8 23. Qg4 Qc8 24. Qh4 Qe8 25. Re3 Rg8 26. Rh3 Rg7 27. Bh6 Rg8 28.
Bf8 h5 29. Bh6 Bc8 30. Re1 Nd8 31. Bf4 Nxe6 32. Be5+ Ng7 33. Qg5 Kh7 {Diagram #
} 34. Rxh5+ Nxh5 35. Qxh5# 1-0

[Event "Championnat de France Benjamin"]
[Site "CALVI"]
[Date "2005.04.17"]
[Round "1.7"]
[White "Robert, Bastien"]
[Black "Tachikart, Yassin"]
[Result "0-1"]
[WhiteElo "1780"]
[BlackElo "2041"]
[PlyCount "102"]
[EventDate "2005.??.??"]
[SourceDate "2005.04.17"]

1. d4 d5 2. c4 c6 3. cxd5 cxd5 4. Nc3 Bf5 5. Bf4 Nc6 6. Nf3 e6 7. e3 Nf6 8. Bb5
a6 9. Bxc6+ bxc6 10. O-O c5 11. Rc1 c4 12. Ne5 Nd7 13. Qa4 f6 14. Qxd7+ Qxd7
15. Nxd7 Kxd7 16. e4 Bxe4 17. Nxe4 dxe4 18. Rxc4 Bd6 19. Bxd6 Kxd6 20. Rfc1
Rhd8 21. Rc7 Rd7 22. Rxd7+ Kxd7 23. Kf1 Rb8 24. Rc2 Rb4 25. Rd2 Kd6 26. Ke2 Kd5
27. Ke3 g5 28. g3 g4 29. b3 h5 30. Rd1 a5 31. Rd2 a4 32. bxa4 Rxa4 33. Rb2 Ra3+
34. Ke2 f5 35. Rb8 Rxa2+ 36. Ke3 Ra3+ 37. Ke2 Kxd4 38. Rd8+ Ke5 39. Rh8 e3 40.
Rxh5 exf2 41. Kxf2 Ke4 42. h3 Ra2+ 43. Kg1 Kf3 44. hxg4 Kxg3 45. Kf1 Kxg4 46.
Rh6 e5 47. Re6 Kf3 48. Ke1 e4 49. Re5 f4 50. Rb5 e3 51. Rb1 Rh2 0-1

[Event "Championnat de France Benjamin"]
[Site "CALVI"]
[Date "2005.04.17"]
[Round "1.9"]
[White "Pignone, Maxence"]
[Black "Delivre, Raphael"]
[Result "0-1"]
[WhiteElo "1760"]
[BlackElo "2034"]
[PlyCount "137"]
[EventDate "2005.??.??"]
[SourceDate "2005.04.17"]

1. e4 c5 2. Nf3 Nc6 3. d4 cxd4 4. Nxd4 g6 5. Nc3 Bg7 6. Be3 Nf6 7. Nb3 O-O 8.
Be2 d5 9. exd5 Nb4 10. Bf3 Bf5 11. Nd4 Qa5 12. Nxf5 gxf5 13. O-O Rfd8 14. Bd4
Nfxd5 15. Nxd5 Nxd5 16. Bxg7 Kxg7 17. Qe2 Qc7 18. Rfe1 e6 19. c3 Nf4 20. Qc2
Rd7 21. Rad1 Rad8 22. Rxd7 Rxd7 23. Rd1 b6 24. Qa4 Rxd1+ 25. Qxd1 Qc4 26. g3
Ng6 27. Qd4+ Qxd4 28. cxd4 Kf6 29. Kf1 Ke7 30. Ke2 Kd6 31. Ke3 f6 32. Be2 Ne7
33. Bc4 Nc6 34. f4 Na5 35. Bd3 Kd5 36. b3 Nc6 37. Bc4+ Kd6 38. h3 Nb4 39. a4
Nc6 40. Kd3 Nd8 41. Ke3 Nf7 42. Kd3 $11 Ke7 43. Kc3 Nd6 44. Bd3 Kd7 45. Kd2 Kc6
46. Ke3 Kd5 47. g4 fxg4 48. hxg4 h6 49. Bh7 Nf7 50. Bg8 Nd8 51. f5 Kd6 52. fxe6
Nxe6 53. Bxe6 Kxe6 54. Ke4 a5 55. d5+ Kd6 56. Kf5 Kxd5 57. Kxf6 Ke4 58. Kg6 Kf4
59. Kh5 Kg3 60. g5 hxg5 61. Kxg5 Kf3 62. Kf5 Ke3 63. Ke5 Kd3 64. Kd5 Kc3 65.
Kc6 Kxb3 66. Kxb6 Kxa4 67. Kc5 Kb3 68. Kd4 a4 69. Kd3 0-1

[Event "Championnat de France Benjamin"]
[Site "CALVI"]
[Date "2005.04.17"]
[Round "1.10"]
[White "Nahed, Yann"]
[Black "Hoareau, William"]
[Result "1-0"]
[WhiteElo "2031"]
[BlackElo "1750"]
[PlyCount "108"]
[EventDate "2005.??.??"]
[SourceDate "2005.04.17"]

1. e4 e5 2. Nf3 Nc6 3. Bb5 a6 4. Ba4 Nf6 5. d4 exd4 6. O-O Be7 7. e5 Nd5 8.
Nxd4 Nxd4 9. Qxd4 Nb6 10. Bb3 O-O 11. Bf4 Kh8 12. Nd2 f6 13. Ne4 f5 14. Ng3 d6
15. exd6 Bf6 16. Qb4 cxd6 17. Bxd6 a5 18. Qc5 Nd7 19. Qa3 f4 20. Nh5 Re8 21.
Bf7 Re4 22. Qf3 Rd4 23. Rfe1 Ra6 24. Re8+ Qxe8 25. Bxe8 Raxd6 26. Bxd7 Bxd7 27.
Re1 Re6 28. Rxe6 Bxe6 29. Qe2 Bd7 30. Nxf6 gxf6 31. h3 Kg7 32. c3 Rd5 33. Qe7+
Kg6 34. Qe4+ Rf5 35. Qxb7 Be6 36. a4 Bd5 37. Qc7 Rg5 38. Qxf4 Rxg2+ 39. Kf1 Rg5
40. h4 Re5 41. b4 axb4 42. cxb4 Re4 43. h5+ Kg7 44. Qd2 Bc4+ 45. Kg2 Rg4+ 46.
Kf3 Rg5 47. Qd7+ Kh6 48. b5 Re5 49. Qd2+ Kxh5 50. b6 Bd5+ 51. Kf4 Kg6 52. Qd3+
Kg7 53. a5 h5 54. a6 Rg5 1-0

[Event "Championnat de France Benjamine"]
[Site "CALVI"]
[Date "2005.04.17"]
[Round "1.1"]
[White "Lauret, Alexandra"]
[Black "Fernandez, Laura"]
[Result "0-1"]
[WhiteElo "1530"]
[BlackElo "1990"]
[PlyCount "86"]
[EventDate "2005.??.??"]
[SourceDate "2005.04.17"]

1. e4 e5 2. Nf3 Nc6 3. Bc4 Bc5 4. c3 Nf6 5. d3 d6 6. O-O Bg4 7. Nbd2 O-O 8. Re1
a6 9. a4 Ba7 10. Nf1 Ne7 11. Be3 Ng6 12. N1d2 Re8 13. Qb3 Be6 14. Qxb7 Bb6 15.
Bxb6 cxb6 16. a5 bxa5 17. Qb3 d5 18. exd5 Bxd5 19. Qc2 Bc6 20. Qd1 Bb5 21. Qe2
Nf4 22. Qd1 Bxc4 23. Nxc4 Nxd3 24. Re2 e4 25. Ne1 Nf4 26. Re3 Qxd1 27. Rxd1
N6d5 28. Rg3 Ne2+ 29. Kf1 Nxg3+ 30. hxg3 Rad8 31. Nc2 a4 32. Ke2 f5 33. Nd4 f4
34. gxf4 Nxf4+ 35. Kf1 Nd3 36. Ke2 Rf8 37. Rf1 Nf4+ 38. Ke3 Nxg2+ 39. Kxe4 Rf4+
40. Kd3 Nh4 41. Ne3 Nf3 42. Nec2 Rb8 43. Nb4 Nxd4 0-1

[Event "Championnat de France Benjamine"]
[Site "CALVI"]
[Date "2005.04.17"]
[Round "1.2"]
[White "Genzling, Sylvie"]
[Black "Jeannerot, Lea"]
[Result "1-0"]
[WhiteElo "1982"]
[BlackElo "1520"]
[PlyCount "73"]
[EventDate "2005.??.??"]
[SourceDate "2005.04.17"]

1. e4 e5 2. Nf3 Nc6 3. d4 exd4 4. Bc4 Be7 5. c3 d6 6. cxd4 Nf6 7. Nc3 Bg4 8.
Be3 Nxe4 9. Bxf7+ Kxf7 10. Nxe4 Re8 11. O-O Kg8 12. Qb3+ d5 13. Ned2 b6 14. Qc3
Na5 15. Ne5 Bf5 16. b4 Nb7 17. Nc6 Qd6 18. Nxe7+ Rxe7 19. Rac1 Rc8 20. Nf3 Nd8
21. Ne5 c5 22. bxc5 bxc5 23. Bg5 cxd4 24. Bxe7 Qxe5 25. Qa3 Nb7 26. Bb4 Rxc1
27. Rxc1 d3 28. Qxa7 Qb2 29. Qb8+ Kf7 30. Qxb7+ Kg6 31. Rc6+ Kh5 32. Qf7+ Bg6
33. Qxd5+ Kh6 34. h4 Qb1+ 35. Kh2 Qc1 36. Rxc1 d2 37. Qg5# 1-0

[Event "Championnat de France Benjamine"]
[Site "CALVI"]
[Date "2005.04.17"]
[Round "1.3"]
[White "Calmettes, Emilie"]
[Black "Rambourg, Juliette"]
[Result "0-1"]
[WhiteElo "1510"]
[BlackElo "1870"]
[PlyCount "112"]
[EventDate "2005.??.??"]
[SourceDate "2005.04.17"]

1. e4 d5 2. d3 Nf6 3. Bg5 e5 4. Nd2 Be7 5. g3 O-O 6. Ngf3 Nc6 7. Bg2 d4 8. O-O
Ng4 9. Bxe7 Qxe7 10. Bh3 Nxf2 11. Rxf2 Bxh3 12. Nc4 f5 13. Qe2 Rf6 14. c3 Raf8
15. Re1 Rg6 16. exf5 Rxf5 17. Ncxe5 Rgf6 18. g4 Rf4 19. g5 Rf8 20. g6 Nxe5 21.
Nxe5 Qg5+ 22. Rg2 Bxg2 23. Nf7 Qxg6 24. Ne5 Qg5 25. Qxg2 Qxg2+ 26. Kxg2 Rf2+
27. Kg3 Rxb2 28. a4 dxc3 29. d4 Rff2 30. Nd3 Rxh2 31. Rc1 Rbc2 32. Rb1 b6 33.
Kf4 Rcd2 34. Ke3 c2 35. Ra1 Rd1 36. Ra2 Rh3+ 37. Ke4 Rdxd3 38. Rxc2 Rde3+ 39.
Kd5 g5 40. Rxc7 g4 41. Rc8+ Kg7 42. Rc7+ Kf6 43. Rc6+ Kf5 44. Rc7 Re8 45. Rf7+
Kg6 46. Rf4 Kg5 47. Re4 Rxe4 48. Kxe4 g3 49. d5 g2 50. d6 g1=Q 51. d7 Qe3+ 52.
Kd5 Qd2+ 53. Kc6 Rc3+ 54. Kb7 Qxd7+ 55. Ka6 Rc5 56. a5 Rxa5# 0-1